Kendrick Lamar - good kid m.A.A.d city Album Tracklist - Statistics

General Stats
  • This quiz has been taken 4 times
  • The average score is 11 of 18
Answer Stats
Feature: Answer % Correct
Backseat Freestyle
100%
Dr. Dre Compton
100%
good kid
100%
MC Eiht m.A.A.d city
100%
Jay Rock Money Trees
100%
Bitch, Don't Kill My Vibe
67%
Black Boy Fly
67%
Drake Poetic Justice
67%
Anna Wise Real
67%
Sing About Me, I'm Dying of Thirst
67%
Swimming Pools (Drank)
67%
Cartoons & Cereal
33%
Collect Calls
33%
County Building Blues
33%
Mary J. Blige Now Or Never
33%
Sherane a.k.a Master Splinter's Daughter
33%
The Art Of Peer Pressure
33%
Dr. Dre The Recipe
33%
No matching quizzes found
Score Distribution
Percent of People with Each Score
Percentile by Number Answered
Your Score History
You have not taken this quiz